Tablas de inter‚s compuesto para la eleaboración de proyectos de inversión / Jesús A. Guzmán Amaya, Sergio Aguilar Rosales (Registro nro. 21306)
[ vista simple ]
| 000 -LÍDER | |
|---|---|
| fixed length control field | 00521nam a2200145 4500 |
| 008 - ELEMENTOS DE LONGITUD FIJA -- INFORMACIÓN GENERAL | |
| fixed length control field | 0 1984 0a 000 0MEX |
| 020 ## - NÚMERO INTERNACIONAL NORMALIZADO PARA LIBROS | |
| ISBN | 968-463-020-4 |
| 082 ## - NUMERO DE CLASIFICACION DECIMAL DEWEY | |
| Número de Clasificación | 513.920.212 G697t |
| 100 ## - ASIENTO PRINCIPAL--NOMBRE PERSONAL | |
| Nombre personal | Guzmán Amaya, Jesús A. |
| 245 ## - TÍTULO | |
| Título | Tablas de inter‚s compuesto para la eleaboración de proyectos de inversión / Jesús A. Guzmán Amaya, Sergio Aguilar Rosales |
| 260 ## - PUBLICACIÓN, DISTRIBUCIÓN, ETC. (PIE DE IMPRENTA) | |
| Lugar de publicación, distribución, etc. | México : AGT Editor |
| 300 ## - DESCRIPCIÓN FÍSICA | |
| Extensión | 233 p. / 23 cm. |
| 650 ## - ASIENTO SECUNDARIO DE MATERIA - TERMINO TEMÁTICO | |
| Término temático o nombre geográfico como elemento de entrada | 1. INTERES COMPUESTO |
| 700 ## - ASIENTO SECUNDARIO - NOMBRE PERSONAL | |
| Nombre personal | I. Aguilar Rosales, Sergio, coaut. |
| No. biblioteca | No. biblioteca | Número de clasificación | Código de barras/Número de adquisición | Número de copia | Tipo de material |
|---|---|---|---|---|---|
| LUIS G. INCLAN | LUIS G. INCLAN | 513.920.212 G697t | 15318 | 2 | Libros |
| LUIS G. INCLAN | LUIS G. INCLAN | 513.920.212 G697t | 16198 | 5 | Libros |
| LUIS G. INCLAN | LUIS G. INCLAN | 513.920.212 G697t | 15319 | 3 | Libros |
| LUIS G. INCLAN | LUIS G. INCLAN | 513.920.212 G697t | 17911 | 6 | Libros |
| LUIS G. INCLAN | LUIS G. INCLAN | 513.920.212 G697t | 17912 | 7 | Libros |
| LUIS G. INCLAN | LUIS G. INCLAN | 513.920.212 G697t | 15320 | 4 | Libros |
| LUIS G. INCLAN | LUIS G. INCLAN | 513.920.212 G697t | 17913 | 8 | Libros |
| LUIS G. INCLAN | LUIS G. INCLAN | 513.920.212 G697t | 15317 | 1 | Libros |
